Coupe du Monde Rugby 1987 - Un Joueur par équipe - Statistiques

Statistiques générales
  • Ce quiz a été pris 32 fois
  • Le résultat moyen est 9 sur 16
Statistiques - réponses
Hint Réponse % Correct
Marzio Innocenti Italie
89%
Toshiyuki Hayashi Japon
89%
Pierre Berbizier France
82%
Scott Hastings Ecosse
79%
Florică Murariu Roumanie
75%
Rory Underwood Angleterre
68%
Hugo Porta Argentine
68%
Jonathan Davies Pays de Galles
68%
Koli Rakoroi Fidji
54%
Donal Lenihan Irlande
50%
Sean Fitzpatrick Nouvelle-Zélande
50%
Nick Farr-Jones Australie
36%
Fakahau Valu Tonga
36%
Dirk Buitendag Zimbabwe
25%
Spence McTavish Canada
18%
Ed Burlingham Etats-Unis
4%
Aucun quiz correspondant
Distribution des résultats
% des personnes avec chaque résultat
Percentile par nombre de réponses
Votre historique - résultats
Vous n’avez pas pris ce quiz